000 00322nam a2200133Ia 4500
008 240624s9999 xx 000 0 und d
041 _aeng
082 _a658.404 WYS
100 _aWYSOCKI ROBERT K
245 _aEFFECTIVE PROJECT MANAGEMENT
250 _a(7th ed.)
260 _c2014
_aNew Delhi
_bWiley
365 _cRS
_b33
999 _c26336
_d26336